A guest in paradise : a love story /

Saved in:
Bibliographic Details
Main Author: Gaddis, Peggy
Format: Book
Language:English
Published: New York : Universe Publishing, c1954.
Edition:Complete ed.
Series:Silver bell romance
LEADER 00773nam a2200217 a 4500
001 c000262645
003 CARM
005 20070618095318.0
008 070618s1954 nyu 000 1 eng d
019 1 |a 50071325  |5 LACONCORD2021 
035 |a (OCoLC)812539202  |5 LACONCORD2021 
040 |a VCAV  |b eng  |c VCAV 
100 1 |a Gaddis, Peggy. 
245 1 2 |a A guest in paradise :  |b a love story /  |c by Peggy Gaddis. 
250 |a Complete ed. 
260 |a New York :  |b Universe Publishing,  |c c1954. 
300 |a 157 p. 
490 0 |a Silver bell romance 
852 8 |b CARM  |h A1:AO16A0  |i A04362  |p 0380294  |f BK 
999 f f |i 89c9a074-1837-5fd6-9d39-2bde2e3eb8d5  |s 68bb5ac0-cb44-5163-803a-85bc592eec84 
952 f f |p Can circulate  |a CAVAL  |b CAVAL  |c CAVAL  |d CARM 1 Store  |e A04362  |f A1:AO16A0  |h Other scheme  |i book  |m 0380294